El matorral de Crategus

El matorral de crategus del escritor Branny Cardoch (Editorial Forja), esta contextualizada en Chile a principios del siglo XX. La vida transcurre a un ritmo distinto en el fundo “Los Crategus de Quillota”.A lo lejos se sienten los estragos de la Primera Guerra Mundial, provocando cambios en la eco...

Full description

Bibliographic Details
Main Author: Cardoch Zedán, Branny
Format: Libro Literatura
Language:Spanish
Published: Santiago, Chile : Forja, 2014.
Subjects:

MARC

LEADER 00000cam a2200000 a 4500
001 028039
003 UAHC_CL
005 20241107165142.0
008 241106s2014 cl 000 | spa
035 |a CENTRAL 
040 |a UAHC_CL  |c UAHC_CL  |d UAHC_CL 
082 0 4 |a Ch863  |b C268  |2 21 
100 |a Cardoch Zedán, Branny  |9 20651 
245 1 0 |a El matorral de Crategus  |c Branny Cardoch Zedán. 
260 |a Santiago, Chile :  |b Forja,  |c 2014. 
300 |a 168 páginas. 
520 |a El matorral de crategus del escritor Branny Cardoch (Editorial Forja), esta contextualizada en Chile a principios del siglo XX. La vida transcurre a un ritmo distinto en el fundo “Los Crategus de Quillota”.A lo lejos se sienten los estragos de la Primera Guerra Mundial, provocando cambios en la economía, las costumbres y la moda, despertando la conciencia femenina que comienza a luchar por un lugar en la vida política e intelectual del país, reclamando su derecho a voto en un mundo dominado por el machismo y destruyendo una forma de vida que se niega a morir... 
650 0 |a Novelas chilenas  |9 338 
942 |c BKL  |2 ddc 
952 |0 0  |1 0  |2 ddc  |4 0  |6 CH_863_000000000000000_CAR  |7 0  |8 COMP  |9 100281  |a BC  |b BC  |c General  |d 2024-11-06  |e Donación: Poli Délano  |l 0  |o Ch863 CAR  |p 1442525  |r 2025-11-26 00:00:00  |t 1  |w 2024-11-06  |y BKL  |B LLEN 
999 |c 62234  |d 62234